Visualizzazione normale
Vista MARC
- Alcon Alfredo
di Personal Name
Records bibliografici associati: 1
001 - CONTROL NUMBER
- control field: 26833
003 - CONTROL NUMBER IDENTIFIER
- control field: IT-RoPau
005 - DATE AND TIME OF LATEST TRANSACTION
- control field: 20140525161859.0
008 - FIXED-LENGTH DATA ELEMENTS
- fixed length control field: 140525|| aca||aabn | a|a d
040 ## - CATALOGING SOURCE
- Original cataloging agency: IT-RoPau
- Transcribing agency: IT-RoPau
100 ## - HEADING--PERSONAL NAME
- Personal name: Alcon Alfredo
- Relator term: Interprete
- Miscellaneous information: Codice interprete SPICS: 31183
670 ## - SOURCE DATA FOUND
- Source citation: Work cat.: (IT-RoPau)103180: Ramirez Ariel 26829, Misa por la paz y la justicia